駅名が「本町」で終わる駅 - Statistics

General Stats
  • This quiz has been taken 321 times
  • The average score is 7 of 19
Answer Stats
市区町村 Answer % Correct
府中市 府中本町
84%
大阪市 本町
76%
板橋区 板橋本町
71%
さいたま市 与野本町
65%
藤沢市 藤沢本町
59%
大阪市 堺筋本町
51%
千代田区 岩本町
39%
市川三郷町 市川本町
38%
大阪市 大阪上本町
37%
三田市 三田本町
37%
富士市 吉原本町
30%
横浜市 日吉本町
23%
富山市 上本町
23%
大津市 膳所本町
23%
名古屋市 桜本町
20%
浜松市 二俣本町
17%
名古屋市 豊田本町
16%
大阪市 杉本町
7%
広島市 舟入本町
7%
No matching quizzes found
Score Distribution
Percent of People with Each Score
Percentile by Number Answered
Your Score History
You have not taken this quiz